01018nam a2200277 a 450000100060000000300080000600500170001400800410003102000150007203500190008704000230010604100080012908200230013710000310016024500880019126000570027930000260033650400400036265000430040265000380044565100490048365100560053294200120058899900170060095201230061758687BD-RjUL20211209080640.0161219s1973 cau bs 001 0 eng  a0804708207 a(BD-RjUL)58811 aDLCcDLCdm.cbeng aeng a320.9724bROA 19731 aRonfeldt, David F.917443510aAtencingo :bthe politics of agrarian struggle in a Mexican ejido /cDavid Ronfeldt aStanford, Calif. :bStanford University Press,c1973 aviii, 283 p. ;c23 cm aIncludes bibliographical references 0aLand reformzMexicozAtencingo9174436 0aEjidoszMexicozAtencingo9174437 0aAtencingo (Mexico)xRural conditions9174438 0aAtencingo (Mexico)xPolitics and government9174439 2ddccBK c58687d58687 00102ddc40718NFICaRUCLbRUCLcReadingd1990-08-26l0o320.9724 ROA 1973r2016-12-19 00:00:00tC-1w2016-12-19yBK